000 00690nam a22002177a 4500
003 OSt
005 20230201172853.0
008 221006b |||||||| |||| 00| 0 eng d
020 _a978 9974 93 091 9
040 _cBiblioteca Lado V
082 _aU861
_bD317b
100 _9723
_aDegiovanangelo, Guillermo
_eautor
245 _aBiografías Poemáticas/
260 _aUruguay
_bEdiciones del Pescador
_c2018
300 _c14x22cm
_a250p.
490 _vTomo I
650 0 _2Tesauro de Arte & Arquitectura
_aLITERATURA
_9702
650 _2Tesauro de Arte & Arquitectura
_aPOESIA
650 _2Tesauro de Arte & Arquitectura
_aARTE
942 _2ddc
_c1
_hU861
_iD317b
_n0
999 _c3027
_d3027